Statistics for North American Geography Quiz #1

Click here to take the quiz!

General Stats

  • This quiz has been taken 221 times
  • The average score is 15 of 20

Answer Stats

QuestionAnswer% Correct
What valley is home to the lowest, driest, and hottest location in North America?Death Valley
94%
What strait separates Russia from Alaska?Bering Strait
92%
What island is shared by Haiti and the Dominican Republic?Hispaniola
91%
On what peninsula would you find Cabo San Lucas?Baja California
86%
What was the original name of New York City?New Amsterdam
84%
What U.S. state has the largest Mormon population?Utah
84%
Which of the Great Lakes does Canada NOT border?Lake Michigan
82%
What famous fault line runs along most of California's coast?San Andreas
82%
What is the name of the U.S. naval base in Cuba?Guantanamo Bay
80%
What is the smallest province in Canada?Prince Edward Island
75%
On what river are the cities of Omaha, Kansas City and Pierre located?Missouri River
74%
What Afrocentric religion originated in Jamaica? (Bob Marley practiced it)Rastafari
74%
What is the capital of Belize?Belmopan
70%
What country was home to the first place Christopher Columbus landed in America?Bahamas
69%
What A name is given to the majority of the islands in the Caribbean Sea?Antilles
64%
What small island nation did the U.S. invade in 1983?Grenada
61%
What is the newest territory of Canada?Nunavut
61%
What "line" divides the northern and southern U.S. states?Mason-Dixon Line
58%
What ocean current brings warm water from the Gulf of Mexico to Europe?Gulf Stream
54%
What Mexican city's "La Quebrada" area is known for cliff divers?Acapulco
47%

Score Distribution

Percentile by Number Answered

Percent of People with Each Score

Your Score History

You have not taken this quiz